|
|
|
|
| LEADER |
00000nas a2200000 4500 |
| 001 |
ssj0008391 |
| 003 |
WaSeSS |
| 005 |
20200512172242.0 |
| 006 |
m d |
| 007 |
cr n |
| 008 |
750612c19719999riutr p s o 0 a0eng |
| 010 |
|
|
|a 78617087
|
| 016 |
7 |
|
|a 9879455
|2 DNLM
|
| 016 |
7 |
|
|a V08110000
|2 DNLM
|
| 016 |
7 |
|
|a 011772452
|2 Uk
|
| 022 |
|
|
|l 0022-2224
|y 0022-2224
|
| 030 |
|
|
|a VSLGAO
|
| 032 |
|
|
|a 107730
|b USPS
|
| 035 |
|
|
|a (WaSeSS)ssj0008391
|
| 037 |
|
|
|b Visible Language, Rhode Island School of Design, Graphic Design Dept., 2 College St., Providence, RI 02903
|c $32.00 (institutions)
|
| 040 |
|
|
|a DLC
|b eng
|c PIT
|d COO
|d NSD
|d DLC
|d NST
|d SER
|d AIP
|d NST
|d AIP
|d NSD
|d AIP
|d NST
|d OCL
|d NSD
|d NST
|d IUL
|d NLM
|d OCLCQ
|d NLGGC
|d LVB
|d OCLCQ
|d UKMGB
|d OCLCF
|d DLC
|d OCLCO
|d CLU
|d AVA
|d OCLCQ
|d UKNRU
|d OCLCQ
|d DLC
|d WaSeSS
|
| 042 |
|
|
|a nsdp
|a pcc
|
| 050 |
0 |
0 |
|a Z119
|b .J88
|
| 082 |
0 |
4 |
|a 001.5/52/05
|
| 210 |
0 |
|
|a Visible lang.
|
| 222 |
|
0 |
|a Visible language
|
| 245 |
0 |
0 |
|a Visible language
|h [electronic resource].
|
| 260 |
|
|
|a Providence, RI
|b Visible language
|
| 310 |
|
|
|a 3 no. a year,
|b 1996-
|
| 321 |
|
|
|a Quarterly,
|b 1971-1995
|
| 362 |
0 |
|
|a v. 5- winter 1971-
|
| 500 |
|
|
|a Publishers varies.
|
| 506 |
|
|
|a License restrictions may limit access.
|
| 520 |
|
|
|a "The journal for research on the visual media of language expression."
|
| 650 |
|
0 |
|a Printing
|v Periodicals.
|
| 650 |
|
6 |
|a Typographie
|v Périodiques.
|
| 650 |
|
7 |
|a Printing.
|2 fast
|0 (OCoLC)fst01076612
|
| 650 |
1 |
7 |
|a Typografie.
|2 gtt
|
| 650 |
1 |
7 |
|a Symbolen.
|2 gtt
|
| 650 |
1 |
7 |
|a Schrijftaal.
|2 gtt
|
| 653 |
|
|
|a Design Modern Language
|
| 655 |
|
0 |
|a Electronic journals.
|
| 780 |
0 |
0 |
|t Journal of typographic research
|x 0449-329X
|w (DLC) 77011433
|w (OCoLC)1799968
|
| 850 |
|
|
|a C
|a CU-I
|a CoFS
|a DLC
|a IC
|a IaAS
|a InU
|a MWelC
|a NcD
|a NjR
|a OC
|
| 856 |
4 |
0 |
|z Full text available from Research Library: 09/01/2000 to present
|u https://search.proquest.com/publication/48566
|